000 00630nam a2200193 4500
008 020111s1997 us 1 engYA
020 _a0802843360
090 _aBT127.2
_bF11d
100 1 _aFackre, Gabriel
245 1 0 _aThe doctrine of Revelation :
_ba narrative interpretation /
_cGabriel Fackre.
260 _aMichigan :
_bEerdmans,
_cc1997.
300 _ax, 230 p.
490 1 _aEdinburgh studies in constructive theology
504 _aIncludes index
650 4 _aRevelation.
650 4 _aTheology, Doctrinal
_y20th century.
950 0 _25.00
951 _p24330
_x00010150
_oBT127.2/F11d
_j070613111034765
_d2000-12-21
_cGC
999 _c8379
_d8379